| 000 | 00796nam a22002177a 4500 | ||
|---|---|---|---|
| 999 |
_c10547 _d10547 |
||
| 003 | AR-CdUCM | ||
| 008 | 190401b ||||| |||| 00| 0 spa d | ||
| 040 |
_aMUNICIPALIDAD PROVINCIAL DEL CUSCO _cBIBLIOTECA MUNICIPAL DEL CUSCO |
||
| 082 |
_a523.1 / _bS33 / 1907 |
||
| 100 |
_aSecchi, P. _927482 |
||
| 245 | _aLas estrellas y las cometas / | ||
| 260 |
_aBarcelona : _bGranada, _c1907. |
||
| 300 |
_a174 paginas ; _c16 cm. |
||
| 505 | _aContenido : Los soles o las estrellas fijas, por el P. Secchi -- Las nebulosas, por M. Briot -- Las cometas, por M. Briot -- Del movimiento de traslación del sol por M. Woft ... | ||
| 650 |
_aLas estrellas _927483 |
||
| 650 |
_aCometas _926752 |
||
| 650 |
_aUniverso _918615 |
||
| 700 |
_aCrespo Diaz, F. _927484 |
||
| 942 |
_2ddc _cLIBROS |
||
| 945 | _arah | ||